| 000 | 00538nam a2200181Ia 4500 | ||
|---|---|---|---|
| 999 |
_c22688 _d22688 |
||
| 003 | OSt | ||
| 005 | 20200515090746.0 | ||
| 008 | 190216s9999||||xx |||||||||||||| ||und|| | ||
| 020 | _a9788171513024 | ||
| 040 | _coclc | ||
| 082 |
_a297 _bALI/E |
||
| 100 |
_aAli, Abdul _92294 |
||
| 245 | 0 |
_aEminent Arab-Muslim Medical Scientists / _cAbdul Ali |
|
| 260 |
_bKitab Bhavan, _aNew Delhi: _c2001. |
||
| 300 | _a188p | ||
| 650 | 0 |
_aHistory & geography _vIslamic History _92271 |
|
| 942 |
_cBK _2ddc _h297 _iALI/E _k297 _mALI/E |
||